| 000 | 00646nam a2200217Ia 4500 | ||
|---|---|---|---|
| 001 | 1755 | ||
| 003 | GE_BSU | ||
| 008 | 181216s||||||||xx |||||||||||||| ||und|| | ||
| 040 | _cGE_BSU | ||
| 080 | _a519.6(075.8) | ||
| 100 | _aТихонов,А.Н. | ||
| 245 | _aВводные лекции по прикладной математике. | ||
| 245 | _bУч-к для студ. высш. учебн. завед. | ||
| 260 | _aМосква | ||
| 260 | _bНаука | ||
| 260 | _c1984 | ||
| 300 | _a180стр. 20см. | ||
| 541 | _h6л. | ||
| 653 | _aВводные лекции по прикладной математике. | ||
| 942 | _cBK | ||
| 999 |
_c35864 _d35864 |
||